Confidencias de un superhéroe /

Guardado en:
Autor Principal: Sandoval, Jaime Alfonso
Otros Autores: Bef; il.
Formato: Libro
Publicado: Buenos Aires : Macmillan, 2014
Series:Castillo
Materias:
Etiquetas: Agregar Etiqueta
Sin Etiquetas, Sea el primero en etiquetar este registro!
LEADER 00756nam a22002535a 4500
001 CEM.cems015269
005 20191031160500.0
008 130507s2014##################000#0#####d
003 CEMS
020 |a 9789876722223 
082 0 4 |a M863.4 
100 1 |a Sandoval, Jaime Alfonso 
245 1 0 |a Confidencias de un superhéroe /  |c Jaime Alfonso Sandoval ; ilustrado Por Bef 
260 |a Buenos Aires :  |b Macmillan,  |c 2014 
300 |a 216 p. 
490 0 |a Castillo 
653 |a Literatura 
653 |a Literatura mexicana 
653 |a Literatura infantil 
653 |a Novela 
653 |a Novelas infantiles 
653 |a Colección ciencias de la educación 
700 1 |a Bef; il. 
859 |a CEMS  |b BIB. CEMS - Ccias. Educacion  |h M863.4  |i Sa571  |k CE  |p 28509.19  |t Ej.1